El país de octubre /
Guardado en:
| Autor Principal: | |
|---|---|
| Formato: | Libro |
| Publicado: |
Buenos Aires :
Minotauro,
1955
|
| Materias: | |
| Etiquetas: |
Agregar Etiqueta
Sin Etiquetas, Sea el primero en etiquetar este registro!
|
| LEADER | 00990nam a22002175a 4500 | ||
|---|---|---|---|
| 001 | CEM.cems012909 | ||
| 005 | 20080611122324.0 | ||
| 008 | 130507s1955##################000#0#####d | ||
| 003 | CEMS | ||
| 082 | 0 | 4 | |a 818.5 |
| 100 | 1 | |a Bradbury, Ray | |
| 245 | 1 | 0 | |a El país de octubre / |c Ray Bradbury |
| 260 | |a Buenos Aires : |b Minotauro, |c 1955 | ||
| 300 | |a 286 p. | ||
| 505 | 0 | |a El enano -- El siguiente en la fila -- La desvelada ficha de póker de H. Matisse -- Esqueleto -- La jarra -- El lago -- El emisario -- Tocados por el fuego -- El pequeño asesino -- La multitud -- La caja de sorpresas -- La guadaña -- El tío Einar -- El viento -- El hombre del primer piso -- Había una vez una vieja -- La alcantarilla -- Reunión de familia -- La maravillosa muerte de Dudley Stone | |
| 653 | |a Literatura | ||
| 653 | |a Literatura norteamericana | ||
| 653 | |a Literatura eeuu | ||
| 653 | |a Cuentos | ||
| 653 | |a Cuentos norteamericanos | ||
| 859 | |a CEMS |b BIB. CEMS - 11 de abril |h 818.5 |i B726-8 |p 25200.08 |t Ej.1 | ||
